00471nam a2200145Ia 4500008004100000020001800041041000800059082001600067100001800083245013000101250000600231260003900237300001300276650003600289210716s2011 xx 000 0 und d a9788131762240 aeng a658.81 TABD aTaber, David. aSalesforce.com secrets of success: best practices for growth and profitability.bBest practices for growth and profitability. a1 aNew DelhibPearson Educationc2011 axxxi,463 aSales & Distribution Management